000 00686nam a22002417a 4500
001 303
003 UA-OsUOA
005 20201215210333.0
007 ta
008 20050525b un ||||| |||| 00| 0 ukr d
040 _aUA-OsUOA
_bukr
_cUA-OsUOA
_dUA-OsUOA
041 _aukr
080 _a821.161.2
090 _a821.161.2
_bО-54
100 _aОлійник М.
245 _aПролог
_bісторичний роман
260 _aК.
_bДніпро
_c1978
300 _a573 с.
650 7 _a82 Література. Літературознавство
_2UDC
942 _cBK
_2udc
955 _a3
999 _c286473
_d286473